1-Stellige Autobahnen - Whammies - Statistiken

Allgemein
  • Dieses Quiz wurde 260 mal gespielt
  • Das Durchschnittsergebnis liegt bei 3 aus 9
Antwortstatistiken
Länge (km) Autobahn % Korrekt
962 A7
97%
769 A3
71%
749 A1
65%
583 A4
32%
533 A9
22%
505 A8
15%
473 A2
12%
440 A5
12%
484 A6
11%
Keine übereinstimmenden Quizze gefunden
Verteilung der Resultate
Anzahl Personen mit jedem Resultat
Perzentil nach korrekt beantworteten Fragen
Ihre Resultats-Entwicklung
Sie haben dieses Quiz noch nicht gespielt